Daň z pridanej hodnoty

Úplné znenie zákona Národnej rady Slovenskej republiky č.289/1995 Z.z. o dani z pridanej hodnoty s komentárom.

Guardado en:
Detalles Bibliográficos
Autor principal: Jablonková, Zdenka
Formato: Capítulo de libro
Lenguaje:eslovaco
Materias:
Etiquetas: Agregar Etiqueta
Sin Etiquetas, Sea el primero en etiquetar este registro!

MARC

LEADER 00000naa a2200000 4500
001 r019949
005 20230919112417.7
041 0 |a slo 
044 |a SK 
245 1 0 |a Daň z pridanej hodnoty  |c Zdenka Jablonková 
520 |a Úplné znenie zákona Národnej rady Slovenskej republiky č.289/1995 Z.z. o dani z pridanej hodnoty s komentárom. 
610 2 0 |a dane z hodnoty pridanej 
610 2 0 |a zákony 
610 2 0 |a Slovensko 
610 2 0 |a 1995 
610 2 0 |a komentáre 
100 1 |a Jablonková, Zdenka